00852nam a2200253 i 4500001000300000100002200003245009900025260005600124300002100180490002400201650003300225655001800258830002400276020001400300040000800314041000800322080003100330920001700361942000700378008004100385999001700426856009800443952005700541bg1 aRACIŃSKI, Artur10aSprawozdania finansowe jednostek powiązanych :bprzykłady i komentarze /cArtur Raciński. aWarszawa :bPolska Akademia Rachunkowości,c2004. a279 s. ;c25 cm.1 aPraktyczna Edukacja 9aFinansexsprawozdawczość aPodręczniki aPraktyczna Edukacja a839209319 cBPK0 apol a657.62/.63:658.14/.17](07) a83-92093-1-9 cKS s pl f |000 0 pol  c51422d51422 uhttp://koha.tu.koszalin.pl/cgi-bin/koha/opac-detail.pl?biblionumber=51422yKatalog online BPK 00104071aBPKbBPKceho78266p02304809t657 RyKS